E-learning and social networking handbook : (Record no. 20351)
[ view plain ]
| 000 -LEADER | |
|---|---|
| fixed length control field | 01187cam a22003015a 4500 |
| 001 - CONTROL NUMBER | |
| control field | 17383390 |
| 005 - DATE AND TIME OF LATEST TRANSACTION | |
| control field | 20151222122943.0 |
| 008 - FIXED-LENGTH DATA ELEMENTS--GENERAL INFORMATION | |
| fixed length control field | 120712s2014 nyu frb 001 0 eng d |
| 020 ## - INTERNATIONAL STANDARD BOOK NUMBER | |
| International Standard Book Number | 9780415503754 (pbk.) |
| 040 ## - CATALOGING SOURCE | |
| Original cataloging agency | DLC |
| Transcribing agency | DLC |
| Modifying agency | DLC |
| -- | EG-ScBUE |
| Language of cataloging | eng |
| 082 04 - DEWEY DECIMAL CLASSIFICATION NUMBER | |
| Classification number | 371.3344678 |
| Edition number | 22 |
| Item number | REN |
| 100 1# - MAIN ENTRY--PERSONAL NAME | |
| Personal name | Rennie, Frank |
| 9 (RLIN) | 12543 |
| 245 10 - TITLE STATEMENT | |
| Title | E-learning and social networking handbook : |
| Remainder of title | resources for higher education / |
| Statement of responsibility, etc | Frank Rennie and Tara Morrison. |
| 250 ## - EDITION STATEMENT | |
| Edition statement | 2nd ed., Special Indian ed. |
| 260 ## - PUBLICATION, DISTRIBUTION, ETC. (IMPRINT) | |
| Place of publication, distribution, etc | New York ; |
| -- | Oxon : |
| Name of publisher, distributor, etc | Routledge / Taylor & Francis Group, |
| Date of publication, distribution, etc | 2014. |
| 300 ## - PHYSICAL DESCRIPTION | |
| Extent | viii, 199 p. : |
| Dimensions | 24 cm. |
| 500 ## - GENERAL NOTE | |
| General note | Prev. ed. cataloged under Mason, Robin. |
| 500 ## - GENERAL NOTE | |
| General note | Index : p. 195-199.<br/> |
| 504 ## - BIBLIOGRAPHY, ETC. NOTE | |
| Bibliography, etc | Bibliography : p. 181-194. |
| 650 #0 - SUBJECT ADDED ENTRY--TOPICAL TERM | |
| Topical term or geographic name as entry element | Internet in higher education |
| Form subdivision | Handbooks, manuals, etc. |
| Source of heading or term | BUEsh |
| 9 (RLIN) | 12540 |
| 650 #0 - SUBJECT ADDED ENTRY--TOPICAL TERM | |
| Topical term or geographic name as entry element | Online social networks |
| Form subdivision | Handbooks, manuals, etc. |
| Source of heading or term | BUEsh |
| 9 (RLIN) | 12541 |
| 650 #0 - SUBJECT ADDED ENTRY--TOPICAL TERM | |
| Topical term or geographic name as entry element | Instructional systems |
| General subdivision | Design |
| Form subdivision | Handbooks, manuals, etc. |
| Source of heading or term | BUEsh |
| 9 (RLIN) | 12542 |
| 651 ## - SUBJECT ADDED ENTRY--GEOGRAPHIC NAME | |
| Source of heading or term | BUEsh |
| 653 ## - INDEX TERM--UNCONTROLLED | |
| Resource For college | Engineering, General |
| Arrived date list | July2015 |
| -- | December2015 |
| 700 1# - ADDED ENTRY--PERSONAL NAME | |
| Personal name | Morrison, Tara M. |
| 700 1# - ADDED ENTRY--PERSONAL NAME | |
| Personal name | Mason, Robin. |
| Title of a work | E-learning and social networking handbook. |
| 942 ## - ADDED ENTRY ELEMENTS (KOHA) | |
| Source of classification or shelving scheme | Dewey Decimal Classification |
| Withdrawn status | Lost status | Source of classification or shelving scheme | Damaged status | Not for loan | Koha collection | Home library | Current library | Shelving location | Date acquired | Source of acquisition | Cost, normal purchase price | Serial Enumeration / chronology | Total Checkouts | Full call number | Barcode | Date last seen | Date last borrowed | Cost, replacement price | Koha item type |
|---|---|---|---|---|---|---|---|---|---|---|---|---|---|---|---|---|---|---|---|
| Dewey Decimal Classification | Baccah | Central Library | Central Library | First floor | 22/07/2015 | Purchase | 199.00 | 21762 | 1 | 371.3344678 REN | 000039622 | 15/07/2025 | 24/03/2016 | 249.00 | Book - Borrowing |